[Event "IX Floripa Chess Open Fort Atacadista"]
[Site "Florianópolis - Santa Catari"]
[Date "2023.01.25"]
[Round "4.208"]
[White "Butzke, Lucas De Castro"]
[Black "Barbosa, Rafael Santos"]
[Result "1-0"]
[WhiteElo "1564"]
[BlackElo "1816"]
[PlyCount "47"]
[EventDate "2023.01.23"]
[EventRounds "10"]
[EventCountry "BRA"]

1. e4 e6 2. d4 d5 3. Nc3 dxe4 4. Nxe4 Nd7 5. Bd3 Ngf6 6. Ng3 c5 7. Nf3 cxd4 8.
Nxd4 Bc5 9. Nb3 Bb6 10. O-O O-O 11. Re1 Nc5 12. Nxc5 Bxc5 13. Bd2 Bd7 14. Bc3
Bc6 15. Nh5 Be7 16. Nxg7 Qd5 17. f3 Kxg7 18. Re5 Qd8 19. Rg5+ Kh6 20. Qd2 Nd7
21. Rg6+ Kh5 22. g4+ Kh4 23. Qf2+ Kh3 24. Qg3# 1-0

[Event "IX Floripa Chess Open Fort Atacadista"]
[Site "Florianópolis - Santa Catari"]
[Date "2023.01.25"]
[Round "4.209"]
[White "Amorim Filho, Robson Bezerra"]
[Black "De Oliveira, Gualter Amelio"]
[Result "0-1"]
[WhiteElo "1216"]
[BlackElo "1563"]
[PlyCount "99"]
[EventDate "2023.01.23"]
[EventRounds "10"]
[EventCountry "BRA"]

1. e4 c6 2. d4 d5 3. Nc3 e6 4. Bd3 Nf6 5. Bg5 Be7 6. Bxf6 Bxf6 7. e5 Be7 8.
Nce2 c5 9. c3 Nc6 10. a3 Qb6 11. Qd2 Bd7 12. Nf3 a5 13. O-O h6 14. dxc5 Bxc5
15. b4 Be7 16. b5 Na7 17. a4 Rc8 18. Nf4 Rc5 19. Nh5 Kf8 20. Rac1 Qd8 21. Qf4
Bg5 22. Qd4 b6 23. Rc2 g6 24. Nf6 Bxf6 25. exf6 Nc8 26. Ne5 Be8 27. Nxg6+ fxg6
28. f7 Rh7 29. Bxg6 Rxf7 30. Qh8+ Ke7 31. Bxf7 Bxf7 32. Qxh6 Qg8 33. c4 Nd6 34.
Rfc1 Nf5 35. Qf4 Qc8 36. g4 Nd6 37. h4 dxc4 38. g5 Rf5 39. Qd4 Qc5 40. Qxc5
Rxc5 41. Kg2 e5 42. Rc3 Bd5+ 43. Kg3 Ne4+ 44. Kg4 Nxf2+ 45. Kh5 Rc8 46. Kg6 Rh8
47. Rf1 Ne4 48. Re3 Rxh4 49. Rf5 Kd6 50. Rf8 0-1

[Event "IX Floripa Chess Open Fort Atacadista"]
[Site "Florianópolis - Santa Catari"]
[Date "2023.01.25"]
[Round "4.210"]
[White "Ramazzotte, Maicon Zilli"]
[Black "Carvalho, Eduardo Meireles"]
[Result "1-0"]
[WhiteElo "1562"]
[BlackElo "1812"]
[PlyCount "121"]
[EventDate "2023.01.23"]
[EventRounds "10"]
[EventCountry "BRA"]

1. e4 c6 2. d4 d5 3. e5 Bf5 4. h4 h6 5. Bd3 Bxd3 6. Qxd3 e6 7. Nf3 c5 8. c3 Nc6
9. a3 cxd4 10. cxd4 Rc8 11. Nc3 Nge7 12. Nb5 Nf5 13. g4 a6 14. gxf5 axb5 15.
fxe6 fxe6 16. Qg6+ Kd7 17. Qg3 Qa5+ 18. Bd2 Bb4 19. O-O Bxd2 20. Nxd2 g5 21.
Nb3 Qb6 22. Nc5+ Ke7 23. Qg4 Nxe5 24. Qh5 Nf7 25. hxg5 hxg5 26. Qg6 Rcg8 27.
Qd3 Qc7 28. Rfe1 Qh2+ 29. Kf1 Qh3+ 30. Qxh3 Rxh3 31. Rxe6+ Kd8 32. Nxb7+ Kd7
33. Nc5+ Kd8 34. Ke2 Rgh8 35. b3 R8h4 36. Rb6 Ke7 37. Rxb5 Nd6 38. Rb8 Rxd4 39.
a4 Ne4 40. Nxe4 Rxe4+ 41. Kd2 Rh2 42. Rf1 g4 43. Kc3 Rh3+ 44. Kb2 Re2+ 45. Ka3
Rf3 46. Rg8 Re4 47. a5 Kf7 48. Rg5 Kf6 49. Rxd5 g3 50. a6 g2 51. Rg1 Rxf2 52.
Rd6+ Kf5 53. Rd8 Kg4 54. a7 Ree2 55. a8=Q Ra2+ 56. Kb4 Rxa8 57. Rxa8 Kh3 58.
Rg8 Kh2 59. R1xg2+ Rxg2 60. Rxg2+ Kxg2 61. Kc5 1-0

[Event "IX Floripa Chess Open Fort Atacadista"]
[Site "Florianópolis - Santa Catari"]
[Date "2023.01.25"]
[Round "4.211"]
[White "Roeder, Larissa Taina"]
[Black "Carmo, Jose Arlindo"]
[Result "0-1"]
[WhiteElo "1209"]
[BlackElo "1562"]
[PlyCount "112"]
[EventDate "2023.01.23"]
[EventRounds "10"]
[EventCountry "BRA"]

1. e4 c5 2. Nc3 g6 3. f4 Bg7 4. Bc4 e6 5. Nf3 Ne7 6. d3 a6 7. a4 Nbc6 8. O-O
Nd4 9. Nxd4 Bxd4+ 10. Kh1 O-O 11. Qe1 Bg7 12. Qh4 f5 13. e5 Nc6 14. Qxd8 Rxd8
15. Ne2 d5 16. Bb3 Bd7 17. Be3 d4 18. Bf2 Nb4 19. Rfd1 b6 20. c3 dxc3 21. bxc3
Nd5 22. Bxd5 exd5 23. c4 d4 24. h3 Re8 25. Rg1 Rab8 26. Rab1 Bxa4 27. Rb2 b5
28. cxb5 Bxb5 29. Rgb1 Rbc8 30. Rd2 Kf7 31. Nc1 Ke6 32. Nb3 Re7 33. Rc1 Rec7
34. Kg1 Kd5 35. Kf1 h6 36. Ke1 g5 37. g3 Bf8 38. Rdd1 Ba4 39. Rb1 Rb7 40. Na5
Rxb1 41. Rxb1 Bb5 42. Kd2 Be7 43. Rc1 Rb8 44. Rb1 Bd8 45. Nc4 Bc7 46. Na3 Ba5+
47. Ke2 Bb4 48. Nxb5 Rxb5 49. Kd1 Bc3 50. Rxb5 axb5 51. Kc2 c4 52. dxc4+ bxc4
53. Bg1 Ba1 54. Kd2 Bc3+ 55. Kc2 Bb4 56. Bxd4 Kxd4 0-1

[Event "IX Floripa Chess Open Fort Atacadista"]
[Site "Florianópolis - Santa Catari"]
[Date "2023.01.25"]
[Round "4.212"]
[White "Usui, Gabriella Yumi"]
[Black "Nunes, Lilia"]
[Result "1-0"]
[WhiteElo "1550"]
[BlackElo "1800"]
[PlyCount "65"]
[EventDate "2023.01.23"]
[EventRounds "10"]
[EventCountry "BRA"]

1. d4 d5 2. Nf3 Nc6 3. c4 e6 4. g3 g6 5. Bg2 Bg7 6. e3 Nf6 7. O-O O-O 8. Nc3
Ne7 9. Qc2 Rb8 10. b3 b6 11. Rd1 Bb7 12. Ba3 Rc8 13. Ne5 Re8 14. Rac1 c6 15. e4
Qc7 16. Qe2 Qb8 17. f4 c5 18. dxc5 bxc5 19. cxd5 exd5 20. Nxd5 Nexd5 21. exd5
Qd6 22. Qc4 Nd7 23. Nxd7 Qxd7 24. Bxc5 Bf8 25. b4 Bg7 26. Re1 Qd8 27. Kf2 h5
28. Rxe8+ Qxe8 29. Re1 Qd8 30. Qb3 a6 31. d6 Bc6 32. Bxc6 Rxc6 33. Qd5 1-0

[Event "IX Floripa Chess Open Fort Atacadista"]
[Site "Florianópolis - Santa Catari"]
[Date "2023.01.25"]
[Round "4.213"]
[White "Belina, Jose Carlos Fernand"]
[Black "Silva, Diego Augusto De S."]
[Result "0-1"]
[WhiteElo "1546"]
[BlackElo "1715"]
[PlyCount "36"]
[EventDate "2023.01.23"]
[EventRounds "10"]
[EventCountry "BRA"]

1. e4 e6 2. d4 d5 3. Nc3 Nf6 4. e5 Nfd7 5. Nce2 c5 6. c3 Nc6 7. Nf3 Qb6 8. Nf4
cxd4 9. cxd4 Bb4+ 10. Bd2 Nxd4 11. Be2 O-O 12. O-O Nxf3+ 13. Bxf3 Bxd2 14. Qxd2
Nxe5 15. Nh5 h6 16. Qf4 Ng6 17. Qg3 Qxb2 18. Rab1 Qe5 0-1

[Event "IX Floripa Chess Open Fort Atacadista"]
[Site "Florianópolis - Santa Catari"]
[Date "2023.01.25"]
[Round "4.214"]
[White "Toffoli, Vanessa"]
[Black "Malanowski, Lara Carolina"]
[Result "0-1"]
[WhiteElo "1202"]
[BlackElo "1544"]
[PlyCount "128"]
[EventDate "2023.01.23"]
[EventRounds "10"]
[EventCountry "BRA"]

1. e4 c5 2. Nf3 d6 3. Bb5+ Bd7 4. Bxd7+ Qxd7 5. O-O Nc6 6. Qe2 Nf6 7. Rd1 Qg4
8. Nc3 g6 9. h3 Qc8 10. e5 dxe5 11. Nxe5 Nd4 12. Qc4 e6 13. Nb5 Qd8 14. Nxd4
cxd4 15. d3 Bg7 16. Qb5+ Nd7 17. Nc4 Qc7 18. Qxb7 Qxb7 19. Nd6+ Ke7 20. Nxb7
Rhc8 21. b3 Kf8 22. Ba3+ Kg8 23. Rd2 a5 24. Nd6 Rc6 25. Nc4 a4 26. Re1 axb3 27.
axb3 Rxc4 28. dxc4 Rxa3 29. Rb1 Nc5 30. b4 Ne4 31. Rd3 Nc3 32. Rb3 Ra1+ 33. Kh2
Ne4 34. c5 Nxf2 35. b5 Be5+ 36. g3 Nxd3 37. cxd3 Ra2+ 38. Kg1 Ra8 39. b6 Rc8
40. b7 Rxc5 41. b8=Q+ Bxb8 42. Rxb8+ Kg7 43. Kf2 Rc3 44. Ke2 h5 45. Rb4 e5 46.
Rc4 Rxc4 47. dxc4 Kf8 48. g4 hxg4 49. hxg4 Ke7 50. Kd3 Kd6 51. Ke4 f6 52. Kd3
Kc5 53. Ke4 Kxc4 54. Kf3 d3 55. g5 f5 56. Kf2 Kc3 57. Ke3 d2 58. Kf3 d1=Q+ 59.
Kf2 Kd3 60. Kg3 Ke3 61. Kh3 Qg4+ 62. Kh2 f4 63. Kh1 f3 64. Kh2 Qg2# 0-1

[Event "IX Floripa Chess Open Fort Atacadista"]
[Site "Florianópolis - Santa Catari"]
[Date "2023.01.25"]
[Round "4.215"]
[White "Mayeregger Gonzalez, Renata"]
[Black "Reis Neto, Agassiz Rubim Da S"]
[Result "1-0"]
[WhiteElo "1543"]
[BlackElo "1649"]
[PlyCount "37"]
[EventDate "2023.01.23"]
[EventRounds "10"]
[EventCountry "BRA"]

1. e4 c5 2. Nc3 d6 3. g3 a6 4. Bg2 Nc6 5. d3 e5 6. Nge2 Bg4 7. O-O Nf6 8. h3
Bxe2 9. Nxe2 d5 10. exd5 Nxd5 11. f4 Bd6 12. Bxd5 exf4 13. Bxc6+ bxc6 14. Bxf4
Bxf4 15. Nxf4 Qd4+ 16. Kh2 Qxb2 17. Qe2+ Kf8 18. Rae1 Re8 19. Qxe8# 1-0

[Event "IX Floripa Chess Open Fort Atacadista"]
[Site "Florianópolis - Santa Catari"]
[Date "2023.01.25"]
[Round "4.216"]
[White "Da Silva, Miguel Michels"]
[Black "Nobre, Jose Adalberto Barb"]
[Result "1-0"]
[WhiteElo "1156"]
[BlackElo "1542"]
[PlyCount "24"]
[EventDate "2023.01.23"]
[EventRounds "10"]
[EventCountry "BRA"]

1. d4 Nf6 2. c4 g6 3. Nc3 Bg7 4. g3 O-O 5. Bg2 d6 6. Nf3 c6 7. e4 Nbd7 8. O-O
e5 9. d5 cxd5 10. cxd5 a6 11. Be3 b5 12. Nd2 Ng4 1-0

[Event "IX Floripa Chess Open Fort Atacadista"]
[Site "Florianópolis - Santa Catari"]
[Date "2023.01.25"]
[Round "4.217"]
[White "Fraga, Sofia Carneiro"]
[Black "Bokhonok, Tatiana Dos Santos "]
[Result "1/2-1/2"]
[WhiteElo "1850"]
[BlackElo "1539"]
[PlyCount "45"]
[EventDate "2023.01.23"]
[EventRounds "10"]
[EventCountry "BRA"]

1. e4 c5 2. c3 Nf6 3. e5 Nd5 4. d4 cxd4 5. cxd4 e6 6. Nf3 Qc7 7. Be2 d6 8. O-O
Nd7 9. Nc3 Nxc3 10. bxc3 dxe5 11. Nxe5 Nxe5 12. dxe5 Qxe5 13. Re1 Be7 14. Bf1
Qc7 15. Qg4 Bf6 16. Bg5 Bxg5 17. Qxg5 O-O 18. Rad1 f6 19. Qh4 Qf7 20. Bc4 Qg6
21. Rd3 f5 22. Qe7 Re8 23. Rd8 1/2-1/2

[Event "IX Floripa Chess Open Fort Atacadista"]
[Site "Florianópolis - Santa Catari"]
[Date "2023.01.25"]
[Round "4.219"]
[White "Silva, Allan De Souza"]
[Black "Ludtke, Ezequiel Rodrigues"]
[Result "1-0"]
[WhiteElo "1813"]
[BlackElo "1538"]
[PlyCount "98"]
[EventDate "2023.01.23"]
[EventRounds "10"]
[EventCountry "BRA"]

1. e4 e5 2. Nf3 Qe7 3. Nc3 c6 4. d3 g6 5. Be2 Bg7 6. O-O Nf6 7. Re1 d6 8. Bg5
O-O 9. h3 Nbd7 10. Rb1 h6 11. Bh4 g5 12. Bg3 Nh5 13. Bh2 Nf4 14. Kh1 Nf6 15.
Ng1 Be6 16. Bf1 g4 17. Bxf4 exf4 18. a3 h5 19. f3 gxh3 20. Nxh3 Bh6 21. Qe2 Kh8
22. e5 Nd7 23. exd6 Qxd6 24. Ne4 Qe7 25. Rbd1 Rg8 26. d4 Rg6 27. Nc5 Nxc5 28.
dxc5 Qxc5 29. Qe5+ Qxe5 30. Rxe5 f5 31. Rd6 Bf7 32. Rd7 Bg7 33. Rxf5 Be6 34.
Rxh5+ Rh6 35. Rxh6+ Bxh6 36. Rxb7 Bxh3 37. gxh3 Kg8 38. Bd3 Bg7 39. h4 Bd4 40.
h5 Kh8 41. Kh2 (41. Kg2 Rg8+ 42. Bg6 Rg7 43. Rb4 c5 44. Rb8+ Rg8 45. Rb7 Rg7
46. Rb8+ Rg8 47. Rxg8+ Kxg8 48. b3 a5 49. a4 Kg7 50. Kf1 Kf6 51. Ke2 Ke6 52.
Kd3 Kd5 53. Bf7+ Ke5 54. Kc4 Kd6 55. h6 Kc6 56. h7 Kd6 57. Bg6 Kc6 58. Be4+ Kd6
59. Kb5 Bc3 60. Kb6 Bd4 61. Kxa5 Kc7 62. Kb5 Kb8 63. Kc4 Kc7 64. Kd5 Kd7 65. a5
Kc7 66. a6 Kb6 67. Bd3 Ka7 68. Ke4 Kb6 69. Kxf4 Ka7 70. Kf5 Kb6 71. Ke6) 41...
Rg8 42. Bg6 Rg7 43. Rb4 c5 44. Rb8+ Rg8 45. Rb7 Rg7 46. Rb8+ Rg8 47. Rxg8+ Kxg8
48. b3 a5 49. a4 Kg7 1-0

[Event "IX Floripa Chess Open Fort Atacadista"]
[Site "Florianópolis - Santa Catari"]
[Date "2023.01.25"]
[Round "4.221"]
[White "Santos, Mike Sperandio"]
[Black "Liebl, Livia"]
[Result "1/2-1/2"]
[WhiteElo "1811"]
[BlackElo "1529"]
[PlyCount "83"]
[EventDate "2023.01.23"]
[EventRounds "10"]
[EventCountry "BRA"]

1. e4 d5 2. exd5 Qxd5 3. Nc3 Qa5 4. d4 c6 5. Bd2 Qc7 6. Nf3 Bg4 7. Be2 Nf6 8.
O-O e6 9. Ne5 Bxe2 10. Qxe2 Nbd7 11. Nf3 Bd6 12. Ne4 Nxe4 13. Qxe4 Nf6 14. Qe2
O-O 15. h3 Rfe8 16. Ne5 Qb6 17. Nc4 Qc7 18. Rad1 Bf4 19. Bxf4 Qxf4 20. Qe5 Qxe5
21. dxe5 Nd5 22. Nd6 Re7 23. Rd2 h6 24. Rfd1 f6 25. exf6 gxf6 26. Ne4 f5 27.
Nc5 b6 28. Nd3 e5 29. c4 Nf6 30. c5 Nd5 31. Rc1 b5 32. a3 a5 33. f3 e4 34. fxe4
fxe4 35. Ne1 Rae8 36. Re2 Nf4 37. Re3 Rd8 38. b4 a4 39. Rc2 Rd1 40. Rf2 Nd5 41.
Rg3+ Kh7 42. Re2 1/2-1/2

[Event "IX Floripa Chess Open Fort Atacadista"]
[Site "Florianópolis - Santa Catari"]
[Date "2023.01.25"]
[Round "4.223"]
[White "De Bortolo, Paulo Ricardo"]
[Black "Mayara Sibowicz, Giovanna"]
[Result "1/2-1/2"]
[WhiteElo "1800"]
[BlackElo "1528"]
[PlyCount "57"]
[EventDate "2023.01.23"]
[EventRounds "10"]
[EventCountry "BRA"]

1. e4 e5 2. Nf3 Nc6 3. Bb5 Bc5 4. O-O d6 5. h3 Nf6 6. d3 a6 7. Ba4 Bd7 8. c3 h6
9. Re1 O-O 10. Be3 Bxe3 11. Rxe3 Nh7 12. d4 exd4 13. cxd4 Kh8 14. Nc3 Ng5 15.
Qd3 Ne6 16. e5 Nb4 17. Qd1 Bxa4 18. Qxa4 Nc6 19. d5 Nc5 20. Qd1 Ne7 21. b4 Nd7
22. e6 fxe6 23. Rxe6 Rf6 24. Qe2 Ng6 25. Rxf6 Qxf6 26. Rc1 Nde5 27. Nxe5 Nxe5
28. Ne4 Qf7 29. Qd2 1/2-1/2

[Event "IX Floripa Chess Open Fort Atacadista"]
[Site "Florianópolis - Santa Catari"]
[Date "2023.01.25"]
[Round "4.224"]
[White "Kikuchi, Alexandre Hideki Lo"]
[Black "De Almeida, Olivan Duarte"]
[Result "1-0"]
[WhiteElo "1800"]
[BlackElo "1516"]
[PlyCount "69"]
[EventDate "2023.01.23"]
[EventRounds "10"]
[EventCountry "BRA"]

1. d4 Nf6 2. Bf4 d6 3. Nf3 g6 4. e3 Bg7 5. Nbd2 O-O 6. h3 c5 7. c3 Nc6 8. Be2
Re8 9. e4 cxd4 10. cxd4 Qa5 11. d5 Nh5 12. Bh2 Nd4 13. Nxd4 Bxd4 14. O-O Bxb2
15. Nc4 Qc3 16. Nxb2 Qxb2 17. Bxh5 gxh5 18. Qxh5 Qd4 19. Rfe1 Qf6 20. Rac1 h6
21. Re3 Kh7 22. Rf3 Qg5 23. Qxf7+ Qg7 24. Qh5 Rf8 25. Bf4 Bd7 26. Rc7 Be8 27.
Qh4 Rf7 28. Rg3 Qf8 29. Be3 b5 30. e5 dxe5 31. Qe4+ Rf5 32. Rxe7+ Qxe7 33.
Qxf5+ Kh8 34. Bxh6 Bd7 35. Qg6 1-0

[Event "IX Floripa Chess Open Fort Atacadista"]
[Site "Florianópolis - Santa Catari"]
[Date "2023.01.25"]
[Round "4.225"]
[White "Biazon, Heloise De Oliveira"]
[Black "Monici, Arthur Brecht De Fr"]
[Result "0-1"]
[WhiteElo "1773"]
[BlackElo "1511"]
[PlyCount "102"]
[EventDate "2023.01.23"]
[EventRounds "10"]
[EventCountry "BRA"]

1. d4 d5 2. Bf4 Nf6 3. e3 c5 4. c3 Nc6 5. Nf3 Qb6 6. Qc2 c4 7. Be2 Bf5 8. Qc1
e6 9. O-O Be7 10. Nbd2 O-O 11. b3 cxb3 12. axb3 Rac8 13. c4 Nb4 14. Qd1 Bc2 15.
Qc1 Bf5 16. Nh4 Bd3 17. Bxd3 Nxd3 18. Qc3 Nxf4 19. exf4 Bb4 20. Qd3 Bxd2 21.
Qxd2 Qxb3 22. c5 Qb5 23. f5 Ne4 24. Qf4 Qd7 25. f3 Nf6 26. Qg3 Qc7 27. Qxc7
Rxc7 28. fxe6 fxe6 29. Rfe1 Rc6 30. f4 b6 31. cxb6 Rxb6 32. f5 Ne4 33. fxe6
Rxe6 34. Nf3 a5 35. Nd2 Ra8 36. Nxe4 Rxe4 37. Rxe4 dxe4 38. Kf2 Kf7 39. Ke3 a4
40. Kxe4 a3 41. d5 Ke7 42. Kd4 a2 43. Kc5 Kd7 44. g4 g5 45. Kb4 Kd6 46. Kb3
Kxd5 47. Kb2 Ke4 48. Re1+ Kf3 49. h3 a1=Q+ 50. Rxa1 Rxa1 51. Kxa1 Kg3 0-1

[Event "IX Floripa Chess Open Fort Atacadista"]
[Site "Florianópolis - Santa Catari"]
[Date "2023.01.25"]
[Round "4.226"]
[White "De Almeida, Leticia Moraes"]
[Black "Da Silva, Kauan Salvagni Tele"]
[Result "0-1"]
[WhiteElo "1731"]
[BlackElo "1498"]
[PlyCount "56"]
[EventDate "2023.01.23"]
[EventRounds "10"]
[EventCountry "BRA"]

1. e4 e6 2. d4 d5 3. Bd3 Nf6 4. Nc3 Be7 5. Nf3 b6 6. exd5 Nxd5 7. Nxd5 Qxd5 8.
c4 Qd8 9. O-O Bb7 10. Bf4 O-O 11. Qc2 h6 12. Be4 Bxe4 13. Qxe4 Na6 14. Rad1 Bd6
15. Ne5 Bxe5 16. dxe5 Qe7 17. Rd3 Nc5 18. Qe3 Nxd3 19. Qxd3 Rad8 20. Qg3 Kh7
21. h3 Qd7 22. Qe3 Qd3 23. Qxd3+ Rxd3 24. Kh2 Rfd8 25. a4 R8d4 26. Be3 Rxc4 27.
Rg1 Rc2 28. g4 Rxe3 0-1

[Event "IX Floripa Chess Open Fort Atacadista"]
[Site "Florianópolis - Santa Catari"]
[Date "2023.01.25"]
[Round "4.234"]
[White "Campagnolo, Bruna"]
[Black "Weba Filho, Emilio Cesar"]
[Result "1-0"]
[WhiteElo "1607"]
[BlackElo "1081"]
[PlyCount "99"]
[EventDate "2023.01.23"]
[EventRounds "10"]
[EventCountry "BRA"]

1. d4 d5 2. e3 Nf6 3. f4 Nc6 4. Nf3 a6 5. Bd3 h6 6. c3 e6 7. O-O Be7 8. Ne5 Ne4
9. Nd2 Nxd2 10. Bxd2 O-O 11. Rf3 Bf6 12. Rg3 Kh8 13. Qh5 Ne7 14. Nxf7+ Rxf7 15.
Qxf7 Nf5 16. Rh3 Bd7 17. Qg6 Be8 18. Qg4 c6 19. Qf3 Nh4 20. Qe2 Bf7 21. Be1 Nf5
22. Qg4 Qd7 23. Qe2 Kg8 24. e4 dxe4 25. Qxe4 Kf8 26. Qe2 c5 27. Bxf5 exf5 28.
dxc5 Qc7 29. Bh4 Bxh4 30. Rxh4 Qxc5+ 31. Qf2 Qb5 32. Rh3 Bd5 33. Rg3 Re8 34.
Qd4 Re7 35. b3 Be4 36. Rd1 Qe2 37. Qd2 Qh5 38. Qd8+ Re8 39. Qd6+ Re7 40. Rd2
Kf7 41. Rxg7+ Kxg7 42. Qxe7+ Qf7 43. Qxf7+ Kxf7 44. Kf2 Ke7 45. Re2 Kd6 46.
Rxe4 fxe4 47. Ke3 Kd5 48. c4+ Kc5 49. Kxe4 Kb4 50. f5 1-0

[Event "IX Floripa Chess Open Fort Atacadista"]
[Site "Florianópolis - Santa Catari"]
[Date "2023.01.25"]
[Round "4.236"]
[White "Do Nascimento, Carlos Augusto Xa"]
[Black "Oliveira, Isaac Rodrigues"]
[Result "0-1"]
[WhiteElo "1895"]
[BlackElo "1356"]
[PlyCount "38"]
[EventDate "2023.01.23"]
[EventRounds "10"]
[EventCountry "BRA"]

1. e4 c5 2. Nf3 d6 3. Be2 Nc6 4. O-O g6 5. c3 Nf6 6. d3 Bg7 7. h3 O-O 8. Be3 a6
9. Qd2 b5 10. Bh6 Bb7 11. Bxg7 Kxg7 12. Nh2 e5 13. Ng4 Nxg4 14. Bxg4 Ne7 15. f4
exf4 16. Qxf4 f5 17. exf5 Nxf5 18. Bxf5 Rxf5 19. Qg3 Rg5 0-1

[Event "IX Floripa Chess Open Fort Atacadista"]
[Site "Florianópolis - Santa Catari"]
[Date "2023.01.25"]
[Round "4.237"]
[White "Zottis, Ernani"]
[Black "De Souza, Samuel De Deus"]
[Result "1-0"]
[WhiteElo "1352"]
[BlackElo "1800"]
[PlyCount "29"]
[EventDate "2023.01.23"]
[EventRounds "10"]
[EventCountry "BRA"]

1. e4 c5 2. Nc3 g6 3. Bc4 Bg7 4. Nf3 Nf6 5. d3 Nc6 6. Be3 d6 7. Qd2 Bg4 8.
O-O-O O-O 9. h3 Bxf3 10. gxf3 Re8 11. Bh6 Kh8 12. f4 e6 13. Rhg1 Qd7 14. h4 Nh5
15. Qe2 1-0

[Event "IX Floripa Chess Open Fort Atacadista"]
[Site "Florianópolis - Santa Catari"]
[Date "2023.01.25"]
[Round "4.238"]
[White "Soares, Vinicius Tuma"]
[Black "Calsing, Enzo Guedes"]
[Result "0-1"]
[WhiteElo "1796"]
[BlackElo "1316"]
[PlyCount "52"]
[EventDate "2023.01.23"]
[EventRounds "10"]
[EventCountry "BRA"]

1. d4 d5 2. Nc3 Nf6 3. Bf4 Bf5 4. Nf3 e6 5. e3 a6 6. Bd3 Bg4 7. O-O Bd6 8. Bxd6
Qxd6 9. Re1 O-O 10. h3 Bh5 11. Ne2 Bxf3 12. c3 Bh5 13. Bc2 c5 14. dxc5 Qxc5 15.
Qd3 Bg6 16. Qd2 Bxc2 17. Qxc2 Nc6 18. b4 Nxb4 19. Qb3 Nc6 20. Rac1 b5 21. a3
Ne5 22. Ra1 Qc4 23. Qxc4 Nxc4 24. Rec1 Rfc8 25. Nd4 Rc7 26. a4 Nb2 0-1

[Event "IX Floripa Chess Open Fort Atacadista"]
[Site "Florianópolis - Santa Catari"]
[Date "2023.01.25"]
[Round "4.239"]
[White "Baena, Mauricio"]
[Black "Cheres, Beatriz Fernanda Sa"]
[Result "1/2-1/2"]
[WhiteElo "1784"]
[BlackElo "1312"]
[PlyCount "65"]
[EventDate "2023.01.23"]
[EventRounds "10"]
[EventCountry "BRA"]

1. e3 d5 2. Nf3 Nc6 3. Bb5 Nf6 4. Bxc6+ bxc6 5. b3 Ba6 6. Bb2 e6 7. d3 Be7 8.
Nc3 c5 9. O-O O-O 10. Re1 c6 11. d4 Qc7 12. Ne2 Rab8 13. Ng3 c4 14. Ne5 Bd6 15.
Nh5 Nxh5 16. Qxh5 Bxe5 17. dxe5 Qe7 18. Rab1 h6 19. Red1 Bb5 20. Rd4 Qg5 21.
Qxg5 hxg5 22. Rg4 Ba4 23. Bd4 f6 24. Re1 Bb5 25. exf6 gxf6 26. Bxa7 Ra8 27. Bc5
Rfb8 28. a4 Ba6 29. Be7 Kf7 30. Bd6 Rb7 31. b4 Rd7 32. Bc5 e5 33. c3 1/2-1/2

[Event "IX Floripa Chess Open Fort Atacadista"]
[Site "Florianópolis - Santa Catari"]
[Date "2023.01.25"]
[Round "4.240"]
[White "Mesquita, Victor Noronha"]
[Black "Motta, Agahta Dos Santos"]
[Result "1-0"]
[WhiteElo "1289"]
[BlackElo "1704"]
[PlyCount "71"]
[EventDate "2023.01.23"]
[EventRounds "10"]
[EventCountry "BRA"]

1. d4 Nf6 2. Nf3 g6 3. Bf4 Bg7 4. e3 O-O 5. Bd3 d6 6. c3 Nc6 7. Nbd2 e5 8. Bg3
Bg4 9. Qc2 Qe7 10. Bh4 h6 11. dxe5 Nxe5 12. Nxe5 Qxe5 13. Bxf6 Qxf6 14. Be4 c6
15. Bf3 Be6 16. O-O Qe7 17. Nb3 Rad8 18. Nd4 Bxd4 19. exd4 Bf5 20. Qd2 Kh7 21.
Rfe1 Qf6 22. Qf4 g5 23. Qxf5+ Qxf5 24. Be4 Qxe4 25. Rxe4 Rde8 26. Rae1 Rxe4 27.
Rxe4 Kg7 28. Re7 Rb8 29. d5 c5 30. Kf1 Kf6 31. Rd7 Ke5 32. Rxf7 Kxd5 33. Rh7 a5
34. Rxh6 b5 35. Rh5 Rg8 36. h4 1-0

[Event "IX Floripa Chess Open Fort Atacadista"]
[Site "Florianópolis - Santa Catari"]
[Date "2023.01.25"]
[Round "4.241"]
[White "Vaz, Vania Dora Madona"]
[Black "Pavao, Tiago Lara Biasi"]
[Result "1-0"]
[WhiteElo "1267"]
[BlackElo "1653"]
[PlyCount "39"]
[EventDate "2023.01.23"]
[EventRounds "10"]
[EventCountry "BRA"]

1. e4 e5 2. Bc4 Nf6 3. d3 d6 4. Nf3 Be7 5. c3 O-O 6. h3 Nc6 7. Bb3 b6 8. O-O
Bb7 9. Nbd2 a5 10. a4 Ba6 11. Bc2 h6 12. Re1 Bb7 13. Nf1 Nb8 14. Ng3 c5 15. Nf5
Nbd7 16. Bd2 Qe8 17. Qc1 Rc8 18. Bxh6 gxh6 19. Qxh6 Nh7 20. Qg7# 1-0

[Event "IX Floripa Chess Open Fort Atacadista"]
[Site "Florianópolis - Santa Catari"]
[Date "2023.01.25"]
[Round "4.246"]
[White "Orlandi Neto, Aristides"]
[Black "Pinto, Pedro Daminelli Lag"]
[Result "1-0"]
[WhiteElo "1684"]
[BlackElo "1800"]
[PlyCount "87"]
[EventDate "2023.01.23"]
[EventRounds "10"]
[EventCountry "BRA"]

1. e4 d6 2. d4 g6 3. Nc3 Bg7 4. f4 Nf6 5. Bd3 O-O 6. Nf3 Nc6 7. O-O Nb4 8. Bc4
Bg4 9. a3 Na6 10. Be3 Nd7 11. e5 Nb6 12. Bb3 d5 13. Qd2 Nc4 14. Qc1 Nxe3 15.
Qxe3 e6 16. Nd1 Rc8 17. Nf2 Bxf3 18. Qxf3 c5 19. c3 Qb6 20. c4 dxc4 21. Bxc4
Qxb2 22. Bxa6 bxa6 23. dxc5 Rxc5 24. g3 Rc3 25. Qe4 Rxa3 26. Qb1 Qxa1 27. Qxa1
Rxa1 28. Rxa1 f6 29. exf6 Bxf6 30. Rxa6 Bd4 31. Rxe6 a5 32. Ra6 Rb8 33. Rd6 Rb4
34. Kg2 a4 35. Ng4 Rc4 36. Kf3 a3 37. Ra6 Rc3+ 38. Ke4 Bg7 39. Ne5 Bf8 40. Ra8
Kg7 41. Ra7+ Kg8 42. Ng4 h5 43. Nf6+ Kh8 44. Rh7# 1-0

[Event "IX Floripa Chess Open Fort Atacadista"]
[Site "Florianópolis - Santa Catari"]
[Date "2023.01.25"]
[Round "4.247"]
[White "Reginato, Daniel Zonta"]
[Black "Stival Da Silva, Javier Rodrigo"]
[Result "0-1"]
[WhiteElo "1800"]
[BlackElo "1640"]
[PlyCount "50"]
[EventDate "2023.01.23"]
[EventRounds "10"]
[EventCountry "BRA"]

1. e4 c5 2. Nf3 d6 3. b3 Nf6 4. Nc3 Nc6 5. Bb2 g6 6. d3 Bg7 7. Be2 O-O 8. O-O
e6 9. Qd2 d5 10. Rab1 d4 11. Nd1 e5 12. h3 Nh5 13. Nh2 Nf4 14. Qe1 Qg5 15. g3
Bxh3 16. Bc1 Bxf1 17. Qxf1 Nxe2+ 18. Qxe2 Qe7 19. Ng4 f5 20. exf5 Rxf5 21. Nh6+
Bxh6 22. Bxh6 Rh5 23. Bd2 Rf8 24. Be1 Qd7 25. g4 Rh3 0-1

[Event "IX Floripa Chess Open Fort Atacadista"]
[Site "Florianópolis - Santa Catari"]
[Date "2023.01.25"]
[Round "4.248"]
[White "Leite, Gina Dourado Rocha"]
[Black "Sikorski, Valentim Enrico"]
[Result "1-0"]
[WhiteElo "1430"]
[BlackElo "1800"]
[PlyCount "49"]
[EventDate "2023.01.23"]
[EventRounds "10"]
[EventCountry "BRA"]

1. e4 c5 2. Bc4 e6 3. Nf3 a6 4. d4 cxd4 5. Nxd4 Bc5 6. O-O Bb4 7. c3 Nf6 8.
cxb4 O-O 9. Nd2 d5 10. Bd3 dxe4 11. Nxe4 Nxe4 12. Bxe4 e5 13. Nf5 Qxd1 14. Ne7+
Kh8 15. Rxd1 Bg4 16. Rd3 Bd7 17. Rh3 Bg4 18. Rg3 Re8 19. Rxg4 Rxe7 20. Rh4 g5
21. Rxh7+ Kg8 22. Bxg5 Re8 23. Bh6 Re6 24. Rd1 Rf6 25. Rd8# 1-0